Fastest Roller Coasters Quiz Stats

 Plays Quiz Updated May 23, 2018

Score 0/16 Timer 06:00
1 Play Today
Park Roller Coaster % Correct
CarowindsFury 325
63.5%
Six Flags Magic MountainSuperman The Escape
58.3%
Canada's WonderlandLeviathan
53.8%
Six Flags Great AdventureKingda Ka
51.1%
Cedar PointTop Thrill Dragster
47.7%
Cedar PointMillennium Force
25.9%
Six Flags Great AdventureNitro
24.7%
Six Flags Magic MountainGoliath
20.5%
Park Roller Coaster % Correct
KennywoodPhantom's Revenge
13.3%
Six Flags Over TexasTitan
12.8%
King's IslandDiamondback
12.8%
Six Flags New EnglandSuperman the Ride
11.8%
Knott's Berry FarmXcelerator
11.4%
Canada's WonderlandBehemoth
10%
Buffalo Bill's Resort & CasinoDesperado
8.9%
King's DominionIntimidator 305
8.7%

You're not logged in!

Compare scores with friends on all Sporcle quizzes.
OR
Log In

You Might Also Like...

Show Comments

Extras

Top Quizzes Today


Score Distribution

Your Account Isn't Verified!

In order to create a playlist on Sporcle, you need to verify the email address you used during registration. Go to your Sporcle Settings to finish the process.

Report this User

Report this user for behavior that violates our Community Guidelines.

Details: